<?xml version="1.0" encoding="UTF-8"?>
<record
    xmlns:xsi="http://www.w3.org/2001/XMLSchema-instance"
    xsi:schemaLocation="http://www.loc.gov/MARC21/slim http://www.loc.gov/standards/marcxml/schema/MARC21slim.xsd"
    xmlns="http://www.loc.gov/MARC21/slim">

  <leader>00563nam a2200181   4500</leader>
  <datafield tag="245" ind1=" " ind2=" ">
    <subfield code="a">Hypercomplex numbers : an elementary introduction to algebras</subfield>
    <subfield code="c">I.L. Kantor and A.S. Solodovnikov ; translated by A.Shenitzer</subfield>
  </datafield>
  <datafield tag="100" ind1=" " ind2=" ">
    <subfield code="a">Kantor, I.L.</subfield>
  </datafield>
  <datafield tag="710" ind1=" " ind2=" ">
    <subfield code="a">Solodovnikov, A.S.</subfield>
  </datafield>
  <datafield tag="710" ind1=" " ind2=" ">
    <subfield code="a">Shenitzer, A.</subfield>
  </datafield>
  <datafield tag="260" ind1=" " ind2=" ">
    <subfield code="a">New York</subfield>
    <subfield code="b">Springer-Verlag</subfield>
    <subfield code="c">c1989</subfield>
  </datafield>
  <datafield tag="300" ind1=" " ind2=" ">
    <subfield code="a">x,160p.:ill.;  23 cm.</subfield>
  </datafield>
  <datafield tag="020" ind1=" " ind2=" ">
    <subfield code="a">0387969802</subfield>
  </datafield>
  <datafield tag="082" ind1=" " ind2=" ">
    <subfield code="a">512</subfield>
    <subfield code="b">KAN/SHE</subfield>
  </datafield>
  <datafield tag="650" ind1=" " ind2=" ">
    <subfield code="a">Numbers,Complex</subfield>
  </datafield>
  <datafield tag="650" ind1=" " ind2=" ">
    <subfield code="a">Compled Numbers</subfield>
  </datafield>
  <datafield tag="650" ind1=" " ind2=" ">
    <subfield code="a">Algebra,Universal</subfield>
  </datafield>
  <datafield tag="650" ind1=" " ind2=" ">
    <subfield code="a">Vector Analysis</subfield>
  </datafield>
  <datafield tag="952" ind1=" " ind2=" ">
    <subfield code="0">0</subfield>
    <subfield code="1">0</subfield>
    <subfield code="4">0</subfield>
    <subfield code="7">0</subfield>
    <subfield code="8">PHSC</subfield>
    <subfield code="a">NEHU</subfield>
    <subfield code="b">NEHU</subfield>
    <subfield code="d">2011-11-25</subfield>
    <subfield code="l">0</subfield>
    <subfield code="o">512 KAN/SHE</subfield>
    <subfield code="p">220513</subfield>
    <subfield code="r">2011-11-25 00:00:00</subfield>
    <subfield code="t">Maths</subfield>
    <subfield code="w">2011-11-25</subfield>
    <subfield code="y">BK</subfield>
  </datafield>
  <datafield tag="999" ind1=" " ind2=" ">
    <subfield code="c">72704</subfield>
    <subfield code="d">72704</subfield>
  </datafield>
</record>
